| 000 | 00376nam a22001217a 4500 | ||
|---|---|---|---|
| 082 | _aTHE 200 | ||
| 100 |
_aTAHIRA SADAF, _972753 |
||
| 245 | _aTH-SOF-0718-RBSRA RSSI based statistical Rate Adaptation for IEEE 802.11 WLANs | ||
| 260 |
_aNUST COLLEGE OF EME _bISLAMABAD _c2001 |
||
| 650 |
_aMS-CSE-8 MSTHESIS _972754 |
||
| 700 |
_aDR MUHAMMAD YOUNUS JAVED _918584 |
||
| 942 | _cCF | ||
| 999 |
_c578735 _d578735 |
||